00608cam a2200169 a 4500020001500000040000800015082000800023245003800031250001300069260004900082300004000131500004300171500016100214650003600375942001000411999001700421 a0852293879 cDLC00a03104aThe New Encyclopaedia Britannica. a15th ed. aChicago :bEncyclopaedia Britannica,cc1982. a30 v. :bill. (some col.) ;c29 cm. aSpine title: Encyclopaedia Britannica. aPropaedia: outline of knowledge and guide to the Britannica. 1 v. -- Micropaedia: ready reference and index. 10 v. -- Macropaedia: knowledge in depth. 19 v. 0aEncyclopedias and dictionaries. cAEDBB c16804d16804